000 00639nam a2200241Ia 4500
003 OSt
005 20221006145239.0
006 a|||||r|||| 00| 0
007 ta
008 221006b |||||||| |||| 00| 0 eng d
020 _c
_13.50
024 _a14,239
037 _cTextual
040 _aEASL
_cEASL
_beng
041 _2eng
_aeng
082 _aNB4134,15, L41
100 _aGRAY John Henry
245 0 _aWalks in the city of canton
260 _aSan
_bFrancisce Chinese Materials Center
_c1975
300 _a693+61p.
_ccm.
942 _hNB4134,15, L41
_cTEXL
_2CC
999 _c1082325
_d1082325